000 01211nam a22002057a 4500
999 _c3145
_d3145
003 AR-CdUCM
008 190306b ||||| |||| 00| 0 spa d
040 _aMUNICIPALIDAD PROVINCIAL DEL CUSCO
_cBIBLIOTECA MUNICIPAL DEL CUSCO
082 _a338.98 /
_bI59
110 _aInstituto de Cooperación Iberoamericana ; Centro de Estudios y Promocion del Desarrollo , DESCO
_910602
245 _aComercialización de productos Básicos /
260 _aMadrid :
_bCultura Hispanica ,
_c1984.
300 _a302 páginas ;
_c24 cm.
505 _aContenido : Comercializacion del Azucar: La experiencia de CECOAAP ; Esferas de accion de las asociaciones de productores: La Estrategia de Geplacea -- Algodon : Monopolio vs. Comercio Libre -- Comercializacion de Granos Basicos -- El Mercado Internacional de la Soja -- Comercializacion Internacional de Fertilizantes : La experiencia peruana -- Comercializacion de harina de pescado -- La Accion Empresarial del Estado en la comercializacion del cobre -- Comercializacion de Plomo y Zinc -- La comercializacion de Plata...
650 _aMercadotecnia
_910603
650 _aComercializacion
_910604
650 _aExportacion
_910605
942 _2ddc
_cLIBROS
945 _artm